Online Catalogue and eLibrary

Debates in the Feminist Movement (Record no. 5774)

MARC details
000 -LEADER
fixed length control field 00453nam a2200181Ia 4500
005 - DATE AND TIME OF LATEST TRANSACTION
control field 20240725021139.0
008 - FIXED-LENGTH DATA ELEMENTS--GENERAL INFORMATION
fixed length control field 240331s9999 xx 000 0 und d
020 ## - INTERNATIONAL STANDARD BOOK NUMBER
ISBN 9559102532
082 ## - DDC Classification
Item Number - Author Mark NES
Class No. 155
100 ## - MAIN ENTRY--PERSONAL NAME
Personal name Nesiah,V
245 #0 - TITLE STATEMENT
Title Debates in the Feminist Movement
Statement of responsibility, etc. Vasuki, Nesiah
260 ## - PUBLICATION, DISTRIBUTION, ETC.
Place of publication, distribution, etc. Colombo
Name of publisher, distributor, etc. Social Scientists Association
Date of publication, distribution, etc. 1996
300 ## - PHYSICAL DESCRIPTION
Extent (e.g. Volumes, Pages etc.) 18 p .,
650 ## - SUBJECT ADDED ENTRY--TOPICAL TERM
Topical term or geographic name entry element Feminism
650 ## - SUBJECT ADDED ENTRY--TOPICAL TERM
Topical term or geographic name entry element History
650 ## - SUBJECT ADDED ENTRY--TOPICAL TERM
Topical term or geographic name entry element Social
942 ## - Koha item type (Biblio)
Koha item type Books in Stacks (Lending)
Holdings
Lost status Damaged status Collection code Home library Current library Shelving location Date acquired Full call number Accession Number Item type
    Lending WERC Library WERC Library Social Science Cupboard 03/31/2024 155 NES 6763 Books in Stacks (Lending)

© WERC Library